000 00556nam a22001937a 4500
003 OSt
005 20140310182839.0
008 130608t xxu||||| |||| 00| 0 eng d
050 _aGV 955.5
_b.Iz298 1970
082 _aM 796.33278
_bIz2 1970
245 _aChampionship :
_bThe NFL games plus super bowl /
_cIzenberg, Jerry
260 _aNew York :
_bScholastic Book Services,
_c1970.
300 _avii, 232 p. :
_bill. ;
_c16 cm.
521 _acollege students
526 _c1210L-1700L
541 _j1
562 _e1
942 _2lcc
_cBK
_kM
999 _c16823
_d16823